| 000 | 00346 a2200145 4500 | ||
|---|---|---|---|
| 999 |
_c325215 _d325215 |
||
| 001 | 90142 | ||
| 003 | NUST | ||
| 082 | _a891.4393 QUD | ||
| 100 |
_aQudrat-ullah Shahab _99763 |
||
| 245 |
_aNafsaanay _hUrdu |
||
| 250 | _aIst Ed | ||
| 260 |
_aLahore _bSang-e-Meel Publications _c2009 |
||
| 300 | _a143 p. | ||
| 500 | _aGeneral Books | ||
| 942 |
_aCAE NUST _cBK _k891.4393 QUD _2ddc |
||